000 01400nam a2200421 i 4500
001 4611
003 KOSZ 005
005 20200111091131.0
008 190325s1979 pl a f 000 0 pol
015 _aPB 1979/6097
020 _a8301015098
035 _a(PL-WaBN)b13967629-48omnis_nlop
035 _ab13967629
035 _a(OCoLC)749199222
035 _a(PL)b0000001396762
040 _aWA N
_cWA N
_dKOSZ 005/RW
046 _k1972
080 _a539.3/.6
080 _a(075.8)
100 1 _aBrzoska, Zbigniew Stanisław
_d(1916-1987)
_eAutor
245 1 0 _aWytrzymałość materiałów /
_cZbigniew Brzoska.
250 _aWydanie 3.
260 _aWarszawa :
_bPaństwowe Wydawnictwo Naukowe,
_c1979.
300 _a476 stron :
_bilustracje ;
_c24 cm.
336 _aTekst
_btxt
_2rdacontent
337 _aBez urządzenia pośredniczącego
_bn
_2rdamedia
338 _aWolumin
_bnc
_2rdacarrier
380 _aKsiążki
388 _a1901-2000
521 8 _aPodręcznik dla wydziałów mechanicznych politechnik.
658 _aInżynieria i technika
655 7 _aPodręczniki akademickie
_2DBN
650 7 _aWytrzymałość materiałów
_2DBN
710 2 _aPaństwowe Wydawnictwo Naukowe
_4pbl.
856 _uhttp://koha.tu.koszalin.pl/cgi-bin/koha/opac-detail.pl?biblionumber=4611
_yKatalog online BPK
942 _2UKD
_cKS
999 _c4611
_d4611